[Event "Bad Griesbach Seniors op 6th"]
[Site "Bad Griesbach"]
[Date "2003.12.01"]
[Round "2"]
[White "Bilyavskyy, Borys"]
[Black "Eck, Alfred"]
[Result "1-0"]
[WhiteElo "1802"]
[BlackElo "1401"]
[PlyCount "116"]
[EventDate "2003.11.30"]
[EventType "swiss"]
[EventRounds "7"]
[EventCountry "GER"]
[SourceTitle "EXT 2006"]
[Source "ChessBase"]
[SourceDate "2005.11.24"]
[SourceVersion "1"]
[SourceVersionDate "2005.11.24"]
[SourceQuality "1"]

1. e4 c5 2. f4 d6 3. Nf3 Nc6 4. Bc4 e6 5. 0-0 g6 6. c3 Bg7 7. Qe2 Nge7 8. d3 0-0 9. Bb3 a6 10. a4 Qb6 11. Bc2 d5 12. Nbd2 d4 13. Nc4 Qc7 14. Bd2 b6 15. Qf2 Rd8 16. Qh4 f6 17. g4 Rf8 18. g5 f5 19. e5 Bb7 20. Nd6 Nd8 21. Rae1 Nc8 22. Nxb7 Nxb7 23. cxd4 Qd7 24. Qf2 Qd5 25. Be3 Ne7 26. dxc5 bxc5 27. Nd2 Rfe8 28. Nc4 Qc6 29. b3 Nd5 30. Bd2 Bf8 31. Bd1 Red8 32. Bf3 Rd7 33. Qg2 Rad8 34. h4 Qc7 35. Be2 Qc6 36. Kh2 Ne7 37. Bf3 Nd5 38. Rh1 Qc7 39. Be2 Qc6 40. Rhf1 Qc7 41. Qh3 Re8 42. Kg3 h6 43. Rh1 h5 44. Qg2 Red8 45. Rhf1 Qb8 46. Rf3 Qa7 47. Qf1 Rc8 48. Z0 Rc6 49. Qg1 Be7 50. b4 Rc8 51. Ra1 Ra8 52. bxc5 Bxc5 53. Qc1 Rc8 54. Qe1 Nb6 55. Nxb6 Bxb6 56. Rb1 Rdc7 57. Bd1 Bd4 58. Bc3 Kf7 1-0

[Event "Bad Griesbach Seniors op 3rd"]
[Site "Bad Griesbach"]
[Date "2000.11.24"]
[Round "6"]
[White "Eck, Alfred"]
[Black "Mueller, Roland2222"]
[Result "0-1"]
[WhiteElo "1451"]
[BlackElo "1714"]
[PlyCount "66"]
[EventDate "2000.11.19"]
[EventType "swiss"]
[EventRounds "7"]
[EventCountry "GER"]
[SourceTitle "EXT 2006"]
[Source "ChessBase"]
[SourceDate "2005.11.24"]
[SourceVersion "1"]
[SourceVersionDate "2005.11.24"]
[SourceQuality "1"]

1. d4 Nf6 2. c4 c5 3. d5 d6 4. Nc3 e5 5. e4 Be7 6. h3 0-0 7. Nf3 Nbd7 8. Bd3 Kh8 9. Bg5 Ng8 10. Be3 Ndf6 11. Qd2 Bd7 12. Nh2 Ne8 13. 0-0 Nc7 14. f4 f6 15. f5 a6 16. a4 Rb8 17. b3 Qe8 18. Ng4 b5 19. cxb5 axb5 20. a5 b4 21. Ne2 Bb5 22. Ra2 Bxd3 23. Qxd3 Ra8 24. Rfa1 Ra6 25. Nf2 Qb5 26. Qc2 Rfa8 27. Nc1 Rxa5 28. Ra4 Rxa4 29. bxa4 Qa6 30. Qb3 Nb5 31. Qc4 Na3 32. Qxa6 Rxa6 33. Ncd3 Nc2 0-1

[Event "Bad Griesbach Seniors op 3rd"]
[Site "Bad Griesbach"]
[Date "2000.11.23"]
[Round "5"]
[White "Schmalix, Walter"]
[Black "Eck, Alfred"]
[Result "0-1"]
[WhiteElo "1425"]
[BlackElo "1451"]
[PlyCount "56"]
[EventDate "2000.11.19"]
[EventType "swiss"]
[EventRounds "7"]
[EventCountry "GER"]
[SourceTitle "EXT 2006"]
[Source "ChessBase"]
[SourceDate "2005.11.24"]
[SourceVersion "1"]
[SourceVersionDate "2005.11.24"]
[SourceQuality "1"]

1. e4 c5 2. Nf3 d6 3. d4 cxd4 4. Nxd4 Nf6 5. Bd3 a6 6. Be3 e5 7. Ne2 Be7 8. f3 Nc6 9. c3 Be6 10. Nd2 0-0 11. 0-0 d5 12. exd5 Nxd5 13. Bf2 Nxc3 14. Bxh7+ Kxh7 15. Qc2+ Kg8 16. Qxc3 Bb4 17. Qc2 Qxd2 18. Qxd2 Bxd2 19. Ng3 Bf4 20. Ne4 Nd4 21. b3 Bd5 22. Nc3 Bc6 23. Rad1 Rad8 24. Rfe1 Bxf3 25. Rxd4 exd4 26. gxf3 dxc3 27. Bc5 Rfe8 28. Rxe8+ Rxe8 0-1

[Event "Casino op 3rd"]
[Site "Velden"]
[Date "1995.??.??"]
[Round "3"]
[White "Smole, Albert"]
[Black "Eck, Alfred"]
[Result "1/2-1/2"]
[WhiteElo "2019"]
[BlackElo "1511"]
[PlyCount "112"]
[EventDate "1995.06.30"]
[EventType "swiss"]
[EventRounds "9"]
[EventCountry "AUT"]
[SourceTitle "EXT 2022"]
[Source "ChessBase"]
[SourceDate "2021.10.06"]
[SourceVersion "1"]
[SourceVersionDate "2021.10.06"]
[SourceQuality "1"]

1. e4 c6 2. d4 d5 3. Nd2 dxe4 4. Nxe4 Nd7 5. Bc4 Ngf6 6. Ng5 e6 7. Qe2 Nb6 8. Bb3 h6 9. N5f3 Be7 10. c3 0-0 11. Ne5 c5 12. Ngf3 cxd4 13. Nxd4 Nbd5 14. 0-0 Bd7 15. Bd2 Rc8 16. Rfd1 Bc5 17. Ndf3 b5 18. a4 a6 19. axb5 axb5 20. Nxd7 Qxd7 21. Ra5 Rb8 22. Bxd5 exd5 23. Bf4 Rb7 24. Ne5 Qf5 25. Qf3 Re8 26. Nd3 Bb6 27. Raa1 g5 28. Bg3 Qxf3 29. gxf3 h5 30. Re1 Rbe7 31. Rxe7 Rxe7 32. h3 h4 33. Be5 Re6 34. Kf1 Kh7 35. Ra6 Nd7 36. f4 gxf4 37. Bxf4 d4 38. cxd4 Re4 39. Be3 Bxd4 40. Rd6 Bxe3 41. Rxd7 Rd4 42. Rxf7+ Kg8 43. Rf3 Bh6 44. Ke2 Re4+ 45. Kd1 Rd4 46. Kc2 Rc4+ 47. Kb3 Rd4 48. Nb4 Rd2 49. Na2 Bg7 50. Nc3 b4 51. Kxb4 Rxb2+ 52. Kc4 Rc2 53. Kb3 Rd2 54. Ne4 Re2 55. Nd6 Bd4 56. Kc4 Rxf2 1/2-1/2